00882cam a22002531 450000100060000000300080000600500170001400800410003103500190007203500190009104000420011004100080015208200180016010000540017824500780023226000380031030000390034865000300038765100220041765100200043994200120045999900170047195201400048828145BD-RjUL20211209051238.0140329s1923 enkf 001 0 eng d a(BD-RjUL)28226 a(OCoLC)2452460 aDLCcUUdUUdOCoLCdDLCdBD-RjULbeng aeng00a964bCOP 19231 aConway, William Martin Conway,d1856-1937.98624410aPalestine and Morocco :blands of the overlap /cby Sir Martin Conway ... aLondon :bE. Arnold & Co.,c1923. avii, [1], 296 p. :bill. ;c23 cm. 0aJewsxRestoration.984396 0aPalestine.986245 0aMorocco.986246 2ddccBK c28145d28145 00102ddc40728NFICaRUCLbRUCLcReadingd1966-11-08eQ.I . Qurashig19.20l0o964 COP 1923r2014-03-29 00:00:00tC-1w2014-03-29yBK